Španielsko - slovenský ekonomický slovník /
Salvato in:
| Autore principale: | |
|---|---|
| Natura: | Libro |
| Lingua: | multilingua |
| Pubblicazione: |
Bratislava :
Veda,
1994
|
| Edizione: | 1.vyd. |
| Tags: |
Nessun Tag, puoi essere il primo ad aggiungerne!!
|
MARC
| LEADER | 00000nam a22000003a 4500 | ||
|---|---|---|---|
| 001 | stu9413 | ||
| 005 | 20150617225806.8 | ||
| 008 | 970310s1994----xo------------------mul-d | ||
| 020 | |a 80-224-0174-9 | ||
| 040 | |a STU |b slo | ||
| 041 | 0 | |a mul | |
| 044 | |a xo | ||
| 080 | |a 801.323.2 | ||
| 080 | |a 33(038)=60=854 | ||
| 100 | 1 | |a Langová, Tatiana |4 aut | |
| 245 | 1 | |a Španielsko - slovenský ekonomický slovník / |c [aut.] Langová,Tatiana | |
| 250 | |a 1.vyd. | ||
| 260 | |a Bratislava : |b Veda, |c 1994 | ||
| 300 | |a 228 s | ||
| 996 | |b 284EK08360 |c E*81113 |l EE01 |s A |a 24 |w stu9413_0001 | ||